Los notarios de Barcelona en el siglo XVIII

Enregistré dans:
Détails bibliographiques
Auteur principal: Noguera de Guzmán, Ramón (autor)
Collectivité auteur: Colegio Notarial (Auteur)
Format: Livre
Langue:espagnol
Publié: Barcelona Gráficas Marina 1978
Collection:Anejos de Estudios Históricos y Documentos de los Archivos de Protocolos, 1
Sujets:
Tags: Ajouter un tag
Pas de tags, Soyez le premier à ajouter un tag!

MARC

LEADER 00000nam a2200000 a 4500
001 UCR2542
003 CL-VaPUC
008 980112e19780000SP |||||||||||||||||spa|d
082 0 4 |a 349.46  |b NOG  |2 21 
100 |a Noguera de Guzmán, Ramón  |e autor  |9 400453 
110 2 |a Colegio Notarial  |e author  |9 400454 
245 1 4 |a Los notarios de Barcelona en el siglo XVIII 
300 |a 231 p 
942 |c BK 
945 |d 19980112 00:00:00  |a crobeson 
260 |a Barcelona  |b Gráficas Marina  |c 1978 
650 0 |a Derecho español  |9 255291 
650 0 |a Notarios  |9 254869 
650 7 |a FUNCIONARIOS  |2 CL-VaPUC  |9 376490 
650 7 |a MONARQUIA ESPAÑOLA  |2 CL-VaPUC  |9 400455 
651 0 |a España  |9 254926 
651 7 |a BARCELONA  |2 CL-VaPUC  |9 267989 
583 |a last modification  |c 19980112 00:00:00  |k Rodrigo Vera 
490 0 |a Anejos de Estudios Históricos y Documentos de los Archivos de Protocolos, 1 
999 |c 265676  |d 265674 
952 |0 0  |1 0  |4 0  |6 349_460000000000000_NOG_1978  |7 0  |8 DER_HIS  |9 296693  |a BIBDER  |b BIBDER  |d 2019-11-20  |i 1924680  |o 349.46 NOG 1978  |p 1924680  |r 2023-01-25  |w 2019-11-20  |x Ubicación 4to Piso  |y BK  |z Estos recursos deben solicitarse con anticipación  |k DER